00614nam a2200181 a 450000100100000000500170001000800410002702000150006804000250008310000270010824000330013524500480016826000390021630000210025550000330027695201060030999900170041500003426320200930070921.0110929s2006 use 000 0 spa d a2877308391 aDO-SdBNPbspacBNPHU1 aEiki, Matayoshi95968310aJinkotsu TenjikanlFrancés10aHistoire D´un squelette /cMatayoshi Eiki. aJapan :bPhilippe picquier,c2006. a240 p. ;c20 cm. aTreducido del idioma japones 0010507-18MOaGRbGRcOId2011-09-29iLF1l0o p34263-10r2020-06-25w2020-06-25y1ZNo se presta c33754d33754